<?xml version="1.0" encoding="UTF-8"?>
<record
    xmlns:xsi="http://www.w3.org/2001/XMLSchema-instance"
    xsi:schemaLocation="http://www.loc.gov/MARC21/slim http://www.loc.gov/standards/marcxml/schema/MARC21slim.xsd"
    xmlns="http://www.loc.gov/MARC21/slim">

  <leader>01313njm a22003137a 4500</leader>
  <controlfield tag="005">20100921114639.0</controlfield>
  <controlfield tag="007">sd ammalaaahaa</controlfield>
  <controlfield tag="008">100918t        xxu||||| |||| 00| 0 hin d</controlfield>
  <datafield tag="028" ind1=" " ind2=" ">
    <subfield code="a">2675 541</subfield>
    <subfield code="b">MUSIC INDIA</subfield>
  </datafield>
  <datafield tag="028" ind1=" " ind2=" ">
    <subfield code="a">2394 898</subfield>
    <subfield code="b">MUSIC INDIA</subfield>
  </datafield>
  <datafield tag="028" ind1=" " ind2=" ">
    <subfield code="a">2394 898</subfield>
    <subfield code="b">MUSIC INDIA</subfield>
  </datafield>
  <datafield tag="035" ind1=" " ind2=" ">
    <subfield code="a">GR-04428</subfield>
  </datafield>
  <datafield tag="040" ind1=" " ind2=" ">
    <subfield code="a">SED/VEN</subfield>
  </datafield>
  <datafield tag="100" ind1=" " ind2=" ">
    <subfield code="9">20657</subfield>
    <subfield code="a">Jalota, Anoop</subfield>
  </datafield>
  <datafield tag="245" ind1=" " ind2=" ">
    <subfield code="a">Shohrat (Part-1) </subfield>
    <subfield code="c">by Anoop Jalota; Music by Anoop Jalota; Lyric by Murad Lucknowi</subfield>
    <subfield code="h">[sound recording] :</subfield>
    <subfield code="b">Hindi Ghajals /</subfield>
  </datafield>
  <datafield tag="246" ind1=" " ind2=" ">
    <subfield code="a">&#x936;&#x94B;&#x939;&#x930;&#x924; (&#x905;&#x928;&#x942;&#x92A; &#x91C;&#x932;&#x94B;&#x91F;&#x93E;)</subfield>
  </datafield>
  <datafield tag="260" ind1=" " ind2=" ">
    <subfield code="a">Dum Dum, India</subfield>
    <subfield code="b">MUSIC INDIA</subfield>
    <subfield code="c">P-1986</subfield>
  </datafield>
  <datafield tag="300" ind1=" " ind2=" ">
    <subfield code="a">Vol.2 sound disc [Gramophone record] :</subfield>
    <subfield code="b">analog, 331/3 rpm </subfield>
    <subfield code="c">12 in. (LP)</subfield>
    <subfield code="f">Gramophone Record</subfield>
  </datafield>
  <datafield tag="500" ind1=" " ind2=" ">
    <subfield code="a">Brief Record</subfield>
  </datafield>
  <datafield tag="500" ind1=" " ind2=" ">
    <subfield code="a">Record Labels: MUSIC INDIA, Gray</subfield>
  </datafield>
  <datafield tag="505" ind1=" " ind2=" ">
    <subfield code="a">&#x917;&#x91C;&#x93C;&#x932; &#x938;&#x93E;&#x907;&#x921;-1; &#x906;&#x901;&#x916;&#x94B;&#x902; &#x938;&#x947; &#x92A;&#x940; &#x930;&#x941;&#x924; &#x92E;&#x938;&#x94D;&#x924;&#x93E;&#x928;&#x940; (&#x936;&#x94B;&#x939;&#x930;&#x924;) (&#x905;&#x928;&#x942;&#x92A; &#x91C;&#x932;&#x94B;&#x91F;&#x93E;), &#x917;&#x91C;&#x93C;&#x932; &#x938;&#x93E;&#x907;&#x921;-2; &#x916;&#x902;&#x91C;&#x930; &#x938;&#x947; &#x915;&#x930;&#x94B; &#x92C;&#x93E;&#x924; (&#x92D;&#x93E;&#x917;-2)</subfield>
  </datafield>
  <datafield tag="600" ind1=" " ind2=" ">
    <subfield code="a">Jalota, Anoop</subfield>
    <subfield code="9">20864</subfield>
  </datafield>
  <datafield tag="650" ind1=" " ind2=" ">
    <subfield code="v">Film Songs</subfield>
    <subfield code="x">Excerpts</subfield>
    <subfield code="z">India</subfield>
    <subfield code="9">20658</subfield>
  </datafield>
  <datafield tag="700" ind1=" " ind2=" ">
    <subfield code="9">20659</subfield>
  </datafield>
  <datafield tag="700" ind1=" " ind2=" ">
    <subfield code="9">20660</subfield>
  </datafield>
  <datafield tag="700" ind1=" " ind2=" ">
    <subfield code="9">20674</subfield>
  </datafield>
  <datafield tag="942" ind1=" " ind2=" ">
    <subfield code="2">ddc</subfield>
    <subfield code="c">GR</subfield>
  </datafield>
  <datafield tag="999" ind1=" " ind2=" ">
    <subfield code="c">47182</subfield>
    <subfield code="d">47182</subfield>
  </datafield>
  <datafield tag="952" ind1=" " ind2=" ">
    <subfield code="0">0</subfield>
    <subfield code="1">0</subfield>
    <subfield code="2">ddc</subfield>
    <subfield code="4">0</subfield>
    <subfield code="7">1</subfield>
    <subfield code="8">NFIC</subfield>
    <subfield code="a">L</subfield>
    <subfield code="b">L</subfield>
    <subfield code="c">AV</subfield>
    <subfield code="d">2010-09-21</subfield>
    <subfield code="e">SED/VEN</subfield>
    <subfield code="l">0</subfield>
    <subfield code="p">GR-04428</subfield>
    <subfield code="r">2010-09-21 00:00:00</subfield>
    <subfield code="t">1</subfield>
    <subfield code="w">2010-09-21</subfield>
    <subfield code="y">GR</subfield>
  </datafield>
</record>
